ARRUPE JESUIT UNIVERSITY

CORONAVIRUS -STOP THE SPREAD - CLEAN,DISINFECT,COVER

Race relations in Rhodesia (Record no. 92754)

MARC details
000 -LEADER
fixed length control field 00425nam a2200181Ia 4500
003 - CONTROL NUMBER IDENTIFIER
control field 0100
005 - DATE AND TIME OF LATEST TRANSACTION
control field 20181030092638.0
008 - FIXED-LENGTH DATA ELEMENTS--GENERAL INFORMATION
fixed length control field 130307s9999 xx 000 0 und d
040 ## - CATALOGING SOURCE
Transcribing agency ARRUPELIB
050 ## - LIBRARY OF CONGRESS CALL NUMBER
Classification number DT962.42
Item number .D38
300 ## - PHYSICAL DESCRIPTION
Other physical details 458p. 24cm.
100 ## - MAIN ENTRY--PERSONAL NAME
Personal name Davies, Dorothy Keyworth
9 (RLIN) 30001
245 ## - TITLE STATEMENT
Title Race relations in Rhodesia
245 ## - TITLE STATEMENT
Remainder of title a survey for 1972-73
260 ## - PUBLICATION, DISTRIBUTION, ETC. (IMPRINT)
Name of publisher, distributor, etc Collins Press
Place of publication, distribution, etc London
Date of publication, distribution, etc 1975
300 ## - PHYSICAL DESCRIPTION
Extent xxiv
650 ## - SUBJECT ADDED ENTRY--TOPICAL TERM
Topical term or geographic name as entry element Rhodesia , Southern
General subdivision Race question
9 (RLIN) 29943
650 ## - SUBJECT ADDED ENTRY--TOPICAL TERM
Topical term or geographic name as entry element Rhodesia , Southern
General subdivision Politics
Chronological subdivision 1966
9 (RLIN) 30002
942 ## - ADDED ENTRY ELEMENTS (KOHA)
Source of classification or shelving scheme Library of Congress Classification
Koha item type Monograph ( Printed materials)
Holdings
Withdrawn status Lost status Source of classification or shelving scheme Damaged status Not for loan Collection code Home library Current library Shelving location Date acquired Total Checkouts Full call number Barcode Date last seen Date checked out Copy number Price effective from Koha item type
    Library of Congress Classification     Main Collection ARRUPE LIBRARY ARRUPE LIBRARY Main Collection 07/03/2013 1 DT962.42 D38 46003034656 19/03/2020 12/03/2020 1 07/03/2013 Monograph ( Printed materials)
    Library of Congress Classification     SPECIAL Collection ARRUPE LIBRARY ARRUPE LIBRARY REFERENCE 30/10/2018   SPC. DT962.42 .D38 46600003034 30/10/2018     30/10/2018 SPC

 

Arrupe Library. PO Box MP320 Mt Pleasant, Harare, Zimbabwe
263 242 745411|librarian@aju.ac.zw